| 000 | 03131cam0 2200505 ib4500 | ||
|---|---|---|---|
| 001 | BY-MI0000-br2147952901 | ||
| 005 | 20250801120457.0 | ||
| 010 |
^a978-5-17-144630-7 ^bв переплете |
||
| 100 | ^a20250724d2025 c y0rusy50 ca | ||
| 101 | 0 | ^arus | |
| 102 | ^aRU | ||
| 105 | ^ay z 000fy | ||
| 109 | ^ama | ||
| 200 | 1 |
^a25 веселых писателей. Смешные рассказы ^e[для младшего школьного возраста] ^fМ. Зощенко [и др.] |
|
| 210 |
^aМосква ^cАСТ ^d2025 |
||
| 215 |
^a414, [1] с. ^d21 см |
||
| 225 | 1 | ^aСерия "Большая детская библиотека" | |
| 327 | 0 | ^aСодержание: авторы: А. Аверченко, А. Алексин, В. Чаплина, Л. Пантелеев, Б. Житков, В. Осеева, В. Драгунский, А. Раскин, Р. Погодин, Е. Пермяк и др. | |
| 333 | ^a6+ | ||
| 345 | ^92000 экз. (дополнительный тираж) | ||
| 517 | 1 | ^a25 весёлых писателей. Смешные рассказы | |
| 532 | 1 | 1 | ^aДвадцать пять веселых писателей. Смешные рассказы |
| 608 |
^aРАССКАЗ ^3BY-NLB-ar27475 ^2BYGNR |
||
| 608 |
^aПРОЗА (лит. произведение) ^3BY-NLB-ar2648148 ^2BYGNR |
||
| 606 |
^aХУДОЖЕСТВЕННАЯ ЛИТЕРАТУРА ^3BY-NLB-ar37179 ^2DVNLB |
||
| 606 |
^aРУССКАЯ ЛИТЕРАТУРА ^3BY-NLB-ar28702 ^2DVNLB |
||
| 608 |
^aДЕТСКАЯ И ЮНОШЕСКАЯ ЛИТЕРАТУРА (художеств. произведение) ^3BY-NLB-ar9019 ^2BYGNR |
||
| 686 |
^a84(2Рос)6-4 ^2rubbk |
||
| 690 |
^a1 ^2Base ^9BY-MI0000 ^xRSEK |
||
| 701 | 1 |
^aАверченко ^bА. Т. ^gАркадий Тимофеевич ^cписатель ^f1881—1925 ^3BY-NLB-ar135164 |
|
| 701 | 1 |
^aЗощенко ^bМ. М. ^gМихаил Михайлович ^cписатель ^f1894—1958 ^3BY-NLB-ar135078 |
|
| 701 | 1 |
^aАлексин ^bА. Г. ^gАнатолий Георгиевич ^cписатель ^f1924—2017 ^3BY-NLB-ar327111 |
|
| 701 | 1 |
^aЧаплина ^bВ. В. ^gВера Васильевна ^cписательница ^f1908—1994 ^3BY-SEK-129742 |
|
| 701 | 1 |
^aПантелеев ^bЛ. ^gЛеонид ^cписатель ^f1908—1987 ^3BY-NLB-ar2470397 |
|
| 701 | 1 |
^aЖитков ^bБ. С. ^gБорис Степанович ^cписатель ^f1882—1938 ^3BY-NLB-ar2445609 |
|
| 701 | 1 |
^aОсеева ^bВ. А. ^gВалентина Александровна ^cписательница ^f1902—1969 ^3BY-SEK-237199 |
|
| 701 | 1 |
^aДрагунский ^bВ. Ю. ^gВиктор Юзефович ^cписатель ^f1913—1972 ^3BY-NLB-ar99376 |
|
| 701 | 1 |
^aРаскин ^bА. Г. ^gАбрам Григорьевич ^3BY-SEK-567843 |
|
| 701 | 1 |
^aПогодин ^bР. П. ^gРадий Петрович ^cписатель ^f1925—1993 ^3BY-NLB-ar2470471 |
|
| 801 | 0 |
^aBY ^bBY-MI0000 ^c20250724 ^gRCR |
|
| 035 | ^a(BY-MI0000)BY-MI0000-br2147952901 | ||
| 899 | 0 |
^aBY-MI0000 ^iД22 ^h84(2Рос)6 |
|